Perspectives in environmental studies (Record no. 393247)

MARC details
000 -LEADER
fixed length control field 00571 a2200217 4500
005 - DATE & TIME
control field 20260113125100.0
008 - FIXED-LENGTH DATA ELEMENTS--GENERAL INFORMATION
fixed length control field 260113b |||||||| |||| 00| 0 eng d
020 ## - ISBN
International Standard Book Number 9789360744595
Price Rs. 425.00
040 ## - CATALOGING SOURCE
Original cataloging agency VIVEKANANDA LIBRARY
082 ## - DDC NUMBER
Classification number 363.7
Book Number K167P(8)
100 ## - MAIN ENTRY--PERSONAL NAME
Personal name Kaushik, Anubha
245 ## - TITLE STATEMENT
Title Perspectives in environmental studies
250 ## - EDITION STATEMENT
Edition statement 8th
260 ## - PUBLICATION, DISTRIBUTION, ETC. (IMPRINT)
Name of publisher, distributor, etc New Age International
Place of publication, distribution, etc New Delhi
Date of publication, distribution, etc 2025
300 ## - PHYSICAL DESCRIPTION
Pages xviii, 334
650 ## - Subject
Subject Environmental Science
650 ## - Subject
Subject Natural Resources
650 ## - Subject
Subject Eco system
700 ## - Added Entry Personal Name
Added Entry Personal Name Kaushik, C P
942 ## - ADDED ENTRY ELEMENTS (KOHA)
Koha item type Books
Holdings
Withdrawn status Lost status Source of classification or shelving scheme Damaged status Not for loan Location (home branch) Sublocation or collection (holding branch) Shelving location Date acquired Koha issues (times borrowed) Koha full call number Accession No. Koha date last seen Koha item type
    Dewey Decimal Classification     VIVEKANANDA LIBRARY VIVEKANANDA LIBRARY Vivekananda Library 08/10/2025   363.7 K167P(8) 443292 08/10/2025 Books
    Dewey Decimal Classification     VIVEKANANDA LIBRARY VIVEKANANDA LIBRARY Vivekananda Library 08/10/2025   363.7 K167P(8) 443291 08/10/2025 Books
    Dewey Decimal Classification     VIVEKANANDA LIBRARY VIVEKANANDA LIBRARY Vivekananda Library 08/10/2025   363.7 K167P(8) 443293 08/10/2025 Books
© Designed and Maintained by Vivekananda Library, MDU Rohtak